书目信息 |
| 题名: |
生物化学实验与指导
|
|
| 作者: | 韦平和 主编 | |
| 分册: | ||
| 出版信息: | 北京 中国医药科技出版社 2003 |
|
| 页数: | 404页 | |
| 开本: | 26cm | |
| 丛书名: | ||
| 单 册: | ||
| 中图分类: | Q5-33 | |
| 科图分类: | ||
| 主题词: | 生物化学--实验--医学院--教材 | |
| 电子资源: | ||
| ISBN: | 7-5067-2776-5 | |
| 000 | 00701nam2 2200217 45 | |
| 001 | 0194040411 | |
| 005 | 20061018143441.73 | |
| 010 | @a7-5067-2776-5@dCNY42.00 | |
| 100 | @a19940807d2003 em y0chiy0121 ea | |
| 101 | 0 | @achi |
| 102 | @aCN@b110000 | |
| 105 | @ay z 000yy | |
| 200 | 10 | @a生物化学实验与指导@ASHENG WU HUA XUE SHI YAN YU ZHI DAO@f韦平和主编@Fwei ping he zhu bian |
| 210 | @a北京@c中国医药科技出版社@d2003 | |
| 215 | @a404页@d26cm | |
| 300 | @a全国高等医药院校药学类实验双语教材 教育部普通高等教育"十五"国家级规划教材 | |
| 606 | @a生物化学@x实验@x医学院@x教材 | |
| 690 | @aQ5-33@v4 | |
| 701 | 0 | @a韦平和@Awei ping he@4主编 |
| 801 | 0 | @aCN@bTSSF@c20061018 |
| 905 | @a10447@dQ5-33@e115 | |
| 生物化学实验与指导/韦平和主编.-北京:中国医药科技出版社,2003 |
| 404页;26cm |
| 全国高等医药院校药学类实验双语教材 教育部普通高等教育"十五"国家级规划教材 |
| ISBN 7-5067-2776-5:CNY42.00 |
| ● |
| 相关链接 |
|
|
|
|
正题名:生物化学实验与指导
索取号:Q5-33/115
 
预约/预借
| 序号 | 登录号 | 条形码 | 馆藏地/架位号 | 状态 | 备注 |
| 1 | 0503921 | 205039215 | 密集书库/ [索取号:Q5-33/115] | 在馆 |